Tilastot visalle Euroopan maantiedettä kirjaimittain - A

Klikkaa tästä pelataksesi tätä visaa!

Yleistilastot

  • Tätä visaa on pelattu 220 kertaa
  • Keskiarvotulos 10 / 20

Vastaustilastot

VihjeVastaus% Oikein
Kreikan pääkaupunkiAteena
99%
Alankomaiden pääkaupunkiAmsterdam
89%
Suomen maakunta ItämerelläAhvenanmaa
81%
Euroopan läntinen rajavesistöAtlantti
80%
Valtio Pyreneiden vuoristossaAndorra
79%
Länsi-Euroopan korkein vuoristoAlpit
78%
Meri Italian ja Balkanin välissä{Adrian}meri
63%
Muslimienemmistöinen valtioAlbania
57%
Natsien keskitysleiri PuolassaAuschwitz
57%
Espanjan eteläinen alueAndalusia
53%
Tanskan toiseksi suurin kaupunkiAarhus
45%
Portugalin tuliperäiset saaret ylläolevassaAzorit
45%
Skotlannin "graniittikaupunki"Aberdeen
34%
Flanderin suurin kaupunkiAntwerpen
29%
Portugalin eteläisin alueAlgarve
25%
Korsikan pääkaupunkiAjaccio
23%
Ranskalainen kaupunki,
joka oli aiemmin paavin omistuksessa
Avignon
21%
Ranskan historiallinen alue, jolla on rajaa
Saksan ja Lorrainen kanssa
Alsace
20%
Merenlahti, jonka Kertšinsalmi yhdistää Mustaanmereen{Asovan}meri
13%
Walesin suurin saariAnglesey
10%

Tulosjakauma

Persentiili vastausten määrän mukaan

Jokaisen tuloksen saaneiden osuus

Tuloshistoriasi

Et ole pelannut tätä visaa